01426cam a22002775a 45000010009000000050017000090080041000260200018000670400050000850820022001352450120001572600064002773000036003415040051003775200235004286500042006636500042007056500041007476510010007886530025007987000042008239420008008659990017008739520129008909520129010191593848920161214141316.0091009t2010 paua frb 001 0 eng d a9781615206193 aDLCcDLCdYDXdYDXCPdCDXdDLCdEG-ScBUEbeng04a658.3124222bVIR00aVirtual environments for corporate education :bemployee learning and solutions /c[edited by] William Ritke-Jones. aHershey ;aNew York :bBusiness Science Reference,cc.2010. axviii, 405 p. :bill. ;c29 cm. aIncludes bibliographical references and index. a"This book should be used by human resource managers, corporate educators, instructional designers, consultants and researchers who want to discover how people use virtual realities for corporate education"--Provided by publisher. 7aVirtual reality in management.2BUEsh 7aEmployeesxTraining of.2BUEsh933927 7aVirtual reality in education.2BUEsh 2BUEsh bCOMSCIcDecember20161 aRitke-Jones, William,d1958-eeditor. 2ddc c23569d23541 00102ddc40708BaccahaMAINbMAINc1STd2016-12-14ePurchaseg2750.00l0o658.3124 VIRp000040406r2025-07-15 00:00:00yBB 00102ddc40708BaccahaMAINbMAINc1STd2016-12-14ePurchaseg2750.00l0o658.3124 VIRp000040407r2025-07-15 00:00:00yBB